Visualizzazione normale
Vista MARC
- Dameron Tadd
di Personal Name
Records bibliografici associati: 1
001 - CONTROL NUMBER
- control field: 28531
003 - CONTROL NUMBER IDENTIFIER
- control field: IT-RoPau
005 - DATE AND TIME OF LATEST TRANSACTION
- control field: 20140607210402.0
008 - FIXED-LENGTH DATA ELEMENTS
- fixed length control field: 140607|| aca||aabn | a|a d
040 ## - CATALOGING SOURCE
- Original cataloging agency: IT-RoPau
- Transcribing agency: IT-RoPau
100 ## - HEADING--PERSONAL NAME
- Personal name: Dameron Tadd
- Dates associated with a name: Codice autore musica SPICS: 10526
- Relator term: Autore musica
- Name of part/section of a work: Jahbero
670 ## - SOURCE DATA FOUND
- Source citation: Work cat.: (IT-RoPau)99303: AA.VV. 794, Blue Note Story (The). 1939-1950: The 78 Era